| 000 | 00592nam a2200193 i 4500 | ||
|---|---|---|---|
| 001 | 62338 | ||
| 003 | ES-MaACL | ||
| 005 | 20230906164641.0 | ||
| 007 | t| | ||
| 008 | 031120s1956 pr ||||1| spa d | ||
| 100 | 1 |
_aFeliciano Mendoza, Ester. _949163 |
|
| 245 | 1 | 0 |
_aVoz de mi tierra / _cEster Feliciano. |
| 260 |
_aSan Juan de Puerto Rico : _b[s.n.], _c1956 ( _fCanales) |
||
| 300 |
_a136 p. ; _c19 cm. |
||
| 490 | 1 | _aBiblioteca de autores puertorriqueños | |
| 830 | 0 |
_aBiblioteca de autores puertorriqueños _9181221 |
|
| 852 |
_aES-MaACL _jC-11598 _bR.39721 |
||
| 999 |
_c62338 _d62338 |
||